000 00378nam a22001457a 4500
020 _qPB.
040 _cFizza Ishaq
082 _a822.308
_bTHO
100 _aDekker,Thomas.
_9132233
245 _aThe Shoemaker's Holiday /
_c Thomas Dekker.
250 _a2nd ed.
260 _aUK :
_bW W Norton & Co Inc;
_c1990.
300 _a102 P. ;
_c5.25 x 0.5 x 8 inches
942 _2ddc
_cBK
999 _c615490
_d615490